[Event "LuisGa 1"]
[Site "http://www.queenalice.com/game.php?id=1023353"]
[Date "2012.1.31"]
[Round "1"]
[White "GreatDarkSpot"]
[Black "dietanov"]
[Result "1-0"]
[WhiteElo "1436"]
[BlackElo "1967"]

1. e4 e5 2. f4 exf4 3. Nf3 d6 4. d4 Bg4 5. Bxf4 Be7 6. h3 Bxf3 7. Qxf3 Nc6 8. c3
Bh4+ 9. g3 Bg5 10. h4 Bxf4 11. gxf4 Qf6 12. Nd2 Nge7 13. O-O-O O-O-O 14. e5 dxe5
15. fxe5 Qh6 16. Qxf7 Rhf8 17. Qc4 Rf2 18. Bh3+ Kb8 19. Rhf1 Qf4 20. Qd3 Rf8 21.
Qxh7 Qe3 22. Rxf2 Qxf2 23. Qxg7 Rg8 24. Qf6 Qxf6 25. exf6 Nd5 26. f7 Rf8 27. Rf1
Nde7 28. h5 Nd8 29. h6 Ng6 30. h7 Rxf7 31. Rxf7 Nxf7 32. Bf5 Ngh8 33. Ne4 c6 34.
c4 Kc7 35. d5 cxd5 36. cxd5 b6 37. b4 a6 38. a4 a5 39. bxa5 bxa5 40. Kb2 Nd6 41.
Nxd6 Kxd6 42. Be4 Kc5 43. Kb3 Nf7 44. Kc3 Kd6 45. Kc4 Ke5 46. Bd3 Kf6 47. Kb5
Kg7 48. Kxa5 Ne5 49. Be4 Nc4+ 50. Kb4 Nd6 51. Bb1 1-0

[Event "BAHAM"]
[Site "http://www.queenalice.com/game.php?id=1024098"]
[Date "2012.2.1"]
[Round "-"]
[White "GreatDarkSpot"]
[Black "RAMIROCHE"]
[Result "0-1"]
[WhiteElo "1466"]
[BlackElo "1758"]

1. e4 e5 2. d4 d5 3. f3 dxe4 4. fxe4 Qh4+ 5. Kd2 exd4 6. e5 Bb4+ 7. c3 dxc3+ 8.
bxc3 Qd4+ 9. Ke1 Qxe5+ 10. Be2 Ba5 11. Nf3 Qf6 12. Bd2 Be6 13. h4 Nd7 14. Ng5
Bd5 15. g4 Bxh1 16. h5 O-O-O 17. Na3 Nh6 18. Nc4 Bxc3 19. Rc1 Bxd2+ 20. Qxd2 Ne5
21. Ne4 Qh4+ 0-1

[Event "Lucius1"]
[Site "http://www.queenalice.com/game.php?id=1025273"]
[Date "2012.2.3"]
[Round "1"]
[White "GreatDarkSpot"]
[Black "Camy"]
[Result "0-1"]
[WhiteElo "1462"]
[BlackElo "1538"]

1. e4 e5 2. f3 Bc5 3. c3 d6 4. Ne2 Nc6 5. g4 d5 6. b4 Bd6 7. d4 Be6 8. Be3 Nf6
9. h4 exd4 10. Bxd4 dxe4 11. fxe4 O-O 12. e5 Nxe5 13. g5 Ne4 14. Bg2 f5 15. gxf6
Qxf6 16. Bxe4 Bg4 17. Qb3+ Be6 18. Bd5 Rae8 19. Bxe6+ Rxe6 20. Bxa7 b6 21. Kd1
Kh8 22. Nd2 Ree8 23. Ne4 Qg6 24. Nxd6 cxd6 25. Bxb6 Nd3 0-1

[Event "LuisGa 1"]
[Site "http://www.queenalice.com/game.php?id=1038022"]
[Date "2012.3.10"]
[Round "2"]
[White "Sigmund"]
[Black "GreatDarkSpot"]
[Result "0-1"]
[WhiteElo "1679"]
[BlackElo "1436"]

1. e4 e5 2. Nf3 f6 3. Nc3 d6 4. h3 Be6 5. d4 exd4 6. Nxd4 Qd7 7. Be3 c5 8. Nxe6
Qxe6 9. Bb5+ Nd7 10. O-O a6 11. Be2 O-O-O 12. Na4 b5 13. Nb6+ Kb7 14. Nxd7 Qxd7
15. Bf3 Kc8 16. Bg4 f5 17. Bxf5 Nf6 18. Bxd7+ Rxd7 19. f3 b4 20. Qd3 a5 21. Qa6+
Kb8 22. Qxa5 Ra7 23. Qb6+ Rb7 24. Qa6 Be7 25. Qc4 Nh5 26. Kh2 Re8 27. Qf7 Nf6
28. a4 d5 29. Bf4+ Kc8 30. g4 Bd6 31. Qxb7+ Kxb7 32. Bxd6 dxe4 33. Bxc5 exf3 34.
Rxf3 Re2+ 35. Kg3 Ne4+ 36. Kh4 Nxc5 37. Rf7+ Kc6 38. a5 Rxc2 39. a6 Nxa6 40.
Rxa6+ Kb5 41. Raa7 Rxb2 42. Rab7+ Ka4 0-1

[Event "LuisGa 1"]
[Site "http://www.queenalice.com/game.php?id=1057118"]
[Date "2012.5.7"]
[Round "3"]
[White "GreatDarkSpot"]
[Black "ymfrancois"]
[Result "0-1"]
[WhiteElo "1462"]
[BlackElo "1925"]

1. e4 e6 2. e5 d5 3. d4 Be7 4. f4 Nh6 5. Be3 Nf5 6. Bf2 O-O 7. g4 Nh4 8. g5 Ng6
9. h4 Nxf4 10. Bg3 Ng6 11. Qf3 Nc6 12. c3 Na5 13. Nd2 Bd7 14. b4 Nc6 15. Nb3 a6
16. Bd3 Na7 17. Ne2 Bb5 18. Bxg6 fxg6 19. Qg2 Bxe2 20. Qxe2 Nb5 21. Qd2 b6 22.
a4 Na7 23. a5 Nb5 24. Ke2 Rf5 25. Bf4 Qd7 26. Rh2 Qc6 27. Rc1 Qc4+ 28. Ke3 Qxb3
29. h5 gxh5 30. Rxh5 Raf8 31. Rh4 Bxb4 32. Rg4 Bxc3 33. Rxc3 Nxc3 34. Qe1 Ne4+
35. Ke2 Rxf4 36. Rg2 Qb2+ 37. Kd1 Qxg2 38. g6 Rf1 39. Qxf1 Rxf1# 0-1

[Event "LuisGa 1"]
[Site "http://www.queenalice.com/game.php?id=1079375"]
[Date "2012.7.4"]
[Round "4"]
[White "carlosfed"]
[Black "GreatDarkSpot"]
[Result "1-0"]
[WhiteElo "1876"]
[BlackElo "1460"]

1. e4 e5 2. Nf3 d6 3. Be2 Nf6 4. Nc3 Be7 5. d3 O-O 6. Bd2 c5 7. O-O b6 8. h3 Ba6
9. a3 Nc6 10. Qc1 Nd7 11. Nd5 Nd4 12. Nxd4 cxd4 13. Nxe7+ Qxe7 14. Bg5 f6 15.
Bd2 Nc5 16. c4 Nb3 17. Qd1 Nxa1 18. Qxa1 b5 19. b3 bxc4 20. bxc4 Rab8 21. f4 h6
22. f5 Qb7 23. Bb4 Rfd8 24. Bh5 Qb6 25. Bg6 Bc8 26. Qd1 a5 27. Bd2 Qb3 28. Qh5
Qxd3 29. Bxh6 1-0

[Event "hi "]
[Site "http://www.queenalice.com/game.php?id=1196183"]
[Date "2013.7.2"]
[Round "-"]
[White "champ"]
[Black "GreatDarkSpot"]
[Result "0-1"]
[WhiteElo "1234"]
[BlackElo "1424"]

1. d3 e5 2. e4 c5 3. c4 d6 4. Nc3 f5 5. f3 fxe4 6. dxe4 a6 7. a3 Nc6 8. Bd3 b5
9. b3 g5 10. Nge2 b4 11. Nb1 Be6 12. a4 a5 13. f4 gxf4 14. Nec3 bxc3 15. Qh5+
Bf7 16. Qf3 Nb4 17. Nxc3 Nf6 18. Ba3 Rb8 19. O-O-O Nxd3+ 20. Rxd3 Rxb3 21. Nb5
Rxd3 22. Qxd3 h5 23. Re1 Bh6 24. Nxd6+ Ke7 25. Bxc5 Qc7 26. Rd1 f3+ 27. Rd2
Bxd2+ 28. Kxd2 Qxc5 29. Nb7 Qf2+ 30. Kc3 fxg2 31. Nxa5 g1=Q 32. Nc6+ Kf8 33.
Qd6+ Kg7 34. Kb4 Qb1+ 35. Kc3 Qfc2# 0-1

[Event "Revenge!!!!"]
[Site "http://www.queenalice.com/game.php?id=1366120"]
[Date "2015.6.17"]
[Round "-"]
[White "champ"]
[Black "GreatDarkSpot"]
[Result "0-1"]
[WhiteElo "1226"]
[BlackElo "1444"]

1. Nf3 d5 2. Nc3 Nf6 3. d4 Nc6 4. e3 e6 5. Bd3 Bd6 6. a3 O-O 7. O-O a5 8. a4 Re8
9. g3 e5 10. Nh4 Bh3 11. Re1 exd4 12. exd4 Nxd4 13. Be3 c5 14. Ne2 Nxe2+ 15.
Rxe2 c4 16. Bxh7+ Nxh7 17. c3 Ng5 18. Qxd5 Kf8 19. Rae1 b6 20. Bxg5 Rxe2 21.
Rxe2 Qc7 22. f4 Re8 23. Kf2 Qc5+ 24. Qxc5 Bxc5+ 25. Ke1 Rxe2+ 26. Kxe2 f6 27.
Ng6+ Kf7 28. Nh8+ Kg8 29. Ng6 fxg5 30. fxg5 Bg1 31. Kf3 Bxh2 32. Nf4 Bd7 33. Kg2
Bxg3 34. Kxg3 Bxa4 35. Nd5 b5 36. Nb6 Bd1 37. Kf2 Kf7 38. Ke1 Bb3 39. Nd5 Kg6
40. Kd2 Kxg5 41. Ke3 Kf5 42. Kd4 g5 43. Ke3 g4 44. Kf2 Ke4 45. Ne3 Kf4 46. Nf1
b4 47. Nd2 g3+ 48. Kg2 bxc3 49. bxc3 a4 50. Nb1 Bc2 51. Na3 Be4+ 52. Kg1 Bd5 53.
Nb5 Kf3 54. Nd4+ Ke3 55. Nb5 Kd2 56. Nc7 a3 57. Nxd5 a2 58. Nb4 a1=Q+ 59. Kg2
Qe1 60. Nd5 Qf2+ 61. Kh3 g2 62. Nb6 g1=Q 63. Nxc4+ Kxc3 64. Ne5 Qgg3# 0-1

[Event "Challenge"]
[Site "http://www.queenalice.com/game.php?id=1408325"]
[Date "2016.2.8"]
[Round "-"]
[White "GreatDarkSpot"]
[Black "marilena"]
[Result "1-0"]
[WhiteElo "1413"]
[BlackElo "1375"]

1. e4 e6 2. f3 Nc6 3. c3 g6 4. d3 f5 5. Nd2 Bc5 6. d4 d5 7. dxc5 Bd7 8. Bd3 d4
9. Ne2 Ne5 10. Bc2 Qh4+ 11. g3 Qe7 12. cxd4 Nc6 13. b4 Nxb4 14. Ba4 c6 15. Ba3
Nd3+ 16. Kf1 b5 17. cxb6 Qd8 18. Bc2 axb6 19. Bxd3 g5 20. Bd6 Rc8 21. e5 c5 22.
Rc1 b5 23. Rxc5 h5 24. Rxb5 Bxb5 25. Bxb5+ Kf7 26. f4 Qb6 27. a4 h4 28. Nc4 Qb7
29. Rg1 Qf3+ 30. Ke1 hxg3 31. hxg3 g4 32. a5 Rh1 33. Nb6 Rd8 34. Bc6 Qg2 35. Kd2
Rxg1 36. Qxg1 Qxc6 37. Bc5 Qa4 38. Nxa4 Ra8 39. Bb6 Ne7 40. Qh1 Kg6 41. Qxa8 Kf7
42. a6 Nd5 43. a7 1-0

[Event "AUTO-INT-3116"]
[Site "http://www.queenalice.com/game.php?id=1413868"]
[Date "2016.3.17"]
[Round "1"]
[White "Ruusgugg"]
[Black "GreatDarkSpot"]
[Result "0-1"]
[WhiteElo "1406"]
[BlackElo "1443"]

1. e4 e5 2. d4 f6 3. dxe5 fxe5 4. Qh5+ g6 5. Qxe5+ Qe7 6. Qxh8 Nf6 7. b3 c6 8.
Bb2 Qb4+ 9. c3 Qe7 10. f3 d5 11. c4 Kd7 12. Bxf6 Qd6 13. Qxh7+ Ke8 14. Nh3 Qxf6
15. Qc7 Qxa1 16. e5 Qxb1+ 17. Kf2 Qxa2+ 18. Be2 Na6 19. Qh7 Bc5+ 20. Kg3 Qxe2
21. Qxg6+ Kd8 22. Nf4 Qxe5 23. Rd1 Bf2+ 24. Kxf2 Qxf4 25. Re1 Qh4+ 26. Kf1 Rb8
27. Qd6+ Bd7 28. cxd5 Qb4 29. Qf6+ Kc7 30. Re3 Qb5+ 31. Kf2 Qxd5 32. Re5 Qxb3
33. Qe7 Re8 34. Qf6 Rxe5 35. Qxe5+ Kc8 36. f4 Qc2+ 37. Kg3 Qd3+ 38. Kh4 c5 39.
Qh8+ Kc7 40. Qa8 Qh7+ 41. Kg3 Qg6+ 42. Kf3 Bc6+ 43. Ke3 Qe4+ 44. Kf2 Qxf4+ 45.
Ke2 Bb5+ 46. Kd1 Qf1+ 47. Kd2 Qe2+ 48. Kc3 Qd3+ 49. Kb2 Qd2+ 50. Kb3 Qb4+ 51.
Kc2 Qe4+ 52. Kb3 Bc4+ 53. Ka4 b5+ 54. Ka5 Qxa8 0-1

[Event "AUTO-INT-3116"]
[Site "http://www.queenalice.com/game.php?id=1413869"]
[Date "2016.3.17"]
[Round "1"]
[White "GreatDarkSpot"]
[Black "Ruusgugg"]
[Result "1-0"]
[WhiteElo "1427"]
[BlackElo "1422"]

1. e4 d5 2. f3 dxe4 3. fxe4 e5 4. Nf3 f6 5. d3 g5 6. c4 f5 7. Nxe5 fxe4 8. g3
Bd6 9. d4 b6 10. Qe2 Bf5 11. Qh5+ Ke7 12. Nf7 Qe8 13. g4 Bg6 14. Qxg5+ Kxf7 15.
d5 h6 16. Qh4 e3 17. Nc3 c6 18. Bxe3 Qxe3+ 19. Be2 cxd5 20. Nxd5 Qe4 21. Rf1+
Ke8 22. Rf6 Nxf6 23. Nxf6+ Kf7 24. Nxe4 Bxe4 25. Rd1 Bb4+ 26. Kf1 Ke6 27. Rd8
Rf8+ 28. Rxf8 Bxf8 29. Qh3 Nc6 30. Qe3 Ke5 31. h4 Bc5 32. Qxh6 Nd4 33. Qg7+ Kf4
34. g5 Kg3 35. h5 Bb4 36. Qc7+ Kh3 37. Qf4 Bg2+ 38. Kf2 Bc5 39. Qg3# 1-0

[Event "AUTO-INT-3116"]
[Site "http://www.queenalice.com/game.php?id=1413884"]
[Date "2016.3.17"]
[Round "1"]
[White "GreatDarkSpot"]
[Black "Danado"]
[Result "0-1"]
[WhiteElo "1432"]
[BlackElo "1590"]

1. e4 e5 2. Nf3 d6 3. Nc3 Bg4 4. Be2 Bxf3 5. Bxf3 Nf6 6. d3 Nc6 7. Be3 Nd4 8.
Nd5 Nxd5 9. exd5 Nxf3+ 10. gxf3 Qf6 11. c3 Qg6 12. f4 Qg2 0-1

[Event "AUTO-INT-3116"]
[Site "http://www.queenalice.com/game.php?id=1413885"]
[Date "2016.3.17"]
[Round "1"]
[White "Danado"]
[Black "GreatDarkSpot"]
[Result "1-0"]
[WhiteElo "1600"]
[BlackElo "1422"]

1. e4 e5 2. h3 Nf6 3. d3 Nc6 4. Bg5 Be7 5. Bxf6 Bxf6 6. Nf3 d6 7. Nc3 Nd4 8.
Nxd4 exd4 9. Nd5 Be5 10. Qd2 c5 11. Nf4 O-O 12. Ne2 1-0

[Event "AUTO-INT-3116"]
[Site "http://www.queenalice.com/game.php?id=1413886"]
[Date "2016.3.17"]
[Round "1"]
[White "GreatDarkSpot"]
[Black "NickThorp"]
[Result "0-1"]
[WhiteElo "1450"]
[BlackElo "1689"]

1. e4 e5 2. Nf3 Nc6 3. d3 h6 4. c4 Bb4+ 5. Bd2 Bxd2+ 6. Nbxd2 Nf6 7. Be2 d6 8.
O-O Bg4 9. b3 O-O 10. h3 Bh5 11. g4 Bg6 12. Nh4 Nxg4 13. Nxg6 fxg6 14. hxg4 Nd4
15. a4 Qg5 16. f3 Qh4 17. Qe1 Nxe2+ 18. Qxe2 Qg3+ 19. Qg2 Qf4 20. Rad1 Qe3+ 21.
Qf2 Qxd3 22. Qg2 Qe3+ 23. Qf2 Qf4 24. Nb1 c5 25. Qd2 Qg3+ 26. Qg2 Qf4 27. Qh2
Qe3+ 28. Qf2 Qxb3 29. Rxd6 Qxc4 30. Rxg6 Qxa4 31. Qxc5 Kh7 32. Re6 Rac8 33. Qxe5
Rfe8 34. Qf5+ Kh8 35. Rxe8+ Rxe8 36. g5 Qd4+ 37. Kg2 Re5 38. Qf8+ Kh7 39. gxh6
Kxh6 40. Qf4+ Rg5+ 41. Kh3 Kg6 42. Rf2 Qxf2 43. Qd6+ Kh5 0-1

[Event "AUTO-INT-3116"]
[Site "http://www.queenalice.com/game.php?id=1413887"]
[Date "2016.3.17"]
[Round "1"]
[White "NickThorp"]
[Black "GreatDarkSpot"]
[Result "1-0"]
[WhiteElo "1656"]
[BlackElo "1458"]

1. e4 e5 2. Nf3 f6 3. Bc4 d6 4. Bxg8 Rxg8 5. h3 g5 6. d3 h5 7. g4 h4 8. Nc3 c5
9. Nd5 b6 10. Be3 Na6 11. a3 Be6 12. Qd2 Bh6 13. O-O-O Rc8 14. Qc3 b5 15. Qd2 c4
16. dxc4 bxc4 17. Bxa7 Nc5 18. Bb6 Qd7 19. Nxf6+ Kf7 20. Nxd7 Nxd7 21. Qxd6 Nxb6
22. Qxb6 Rb8 23. Qc7+ Kf6 24. Qxe5+ Kf7 25. Rd6 Rge8 26. Rxe6 Rxe6 27. Qxb8 Rxe4
28. Qb7+ 1-0